[Event "Quezon City op"]
[Site "Quezon City"]
[Date "2014.12.12"]
[Round "10"]
[White "Popov, Ivan1111"]
[Black "Demchenko, Aleksandr"]
[Result "1-0"]
[WhiteElo "2622"]
[BlackElo "2611"]
[PlyCount "55"]
[EventDate "2014.12.06"]
[EventType "swiss"]
[EventRounds "10"]
[EventCountry "PHI"]
[SourceTitle "CBM 163 Extra"]
[Source "ChessBase"]
[SourceDate "2014.12.23"]
[SourceVersion "1"]
[SourceVersionDate "2014.12.23"]
[SourceQuality "1"]

1. e4 e5 2. Nf3 Nc6 3. Nc3 Nf6 4. d4 exd4 5. Nxd4 Bc5 6. Be3 Bb6 7. Qd2 0-0 8. 0-0-0 Ng4 9. Bg5 Qe8 10. h3 Nge5 11. Nf5 f6 12. Be3 Ba5 13. f4 Nf7 14. g4 d6 15. Bg2 Be6 16. a3 Qd7 17. Qd3 Rab8 18. Nd5 Rbe8 19. h4 Bxf5 20. exf5 Ne7 21. g5 c6 22. gxf6 Nxd5 23. Bxd5 cxd5 24. fxg7 Kxg7 25. Bd4+ Kh6 26. Qg3 Qxf5 27. Bg7+ Kh5 28. Rhg1 1-0

[Event "Quezon City op"]
[Site "Quezon City"]
[Date "2014.12.08"]
[Round "4"]
[White "Demchenko, Aleksandr"]
[Black "Pantsulaia, Levan"]
[Result "1/2-1/2"]
[WhiteElo "2611"]
[BlackElo "2583"]
[PlyCount "65"]
[EventDate "2014.12.06"]
[EventType "swiss"]
[EventRounds "10"]
[EventCountry "PHI"]
[SourceTitle "CBM 163 Extra"]
[Source "ChessBase"]
[SourceDate "2014.12.23"]
[SourceVersion "1"]
[SourceVersionDate "2014.12.23"]
[SourceQuality "1"]

1. e4 c6 2. Nf3 d5 3. Nc3 dxe4 4. Nxe4 Nf6 5. Nxf6+ exf6 6. Bc4 Qe7+ 7. Qe2 Bf5 8. Nd4 Bg6 9. d3 Nd7 10. 0-0 0-0-0 11. Qg4 h5 12. Qh3 Kb8 13. Bf4+ Ne5 14. Nf3 Qc7 15. d4 Nxf3+ 16. Qxf3 Bd6 17. Bxd6 Rxd6 18. c3 c5 19. d5 Re8 20. Rfe1 Rdd8 21. Bd3 Re5 22. Bxg6 fxg6 23. c4 Rde8 24. Qc3 g5 25. f3 g4 26. Rxe5 Qxe5 27. Qxe5+ Rxe5 28. Kf2 gxf3 29. gxf3 g5 30. Re1 Rxe1 31. Kxe1 Kc7 32. Kf2 Kd6 33. Ke3 1/2-1/2

[Event "Quezon City op"]
[Site "Quezon City"]
[Date "2014.12.07"]
[Round "2"]
[White "Demchenko, Aleksandr"]
[Black "Laylo, Darwin"]
[Result "1-0"]
[WhiteElo "2611"]
[BlackElo "2500"]
[PlyCount "119"]
[EventDate "2014.12.06"]
[EventType "swiss"]
[EventRounds "10"]
[EventCountry "PHI"]
[SourceTitle "CBM 163 Extra"]
[Source "ChessBase"]
[SourceDate "2014.12.23"]
[SourceVersion "1"]
[SourceVersionDate "2014.12.23"]
[SourceQuality "1"]

1. e4 d5 2. exd5 Nf6 3. d4 Bg4 4. Nf3 Qxd5 5. Be2 Nc6 6. 0-0 0-0-0 7. Be3 Qf5 8. c4 e5 9. d5 e4 10. Nd4 Nxd4 11. Bxd4 Bd6 12. Re1 c5 13. Bxf6 Bxe2 14. Qxe2 Qxf6 15. Nc3 Qe5 16. f4 Qd4+ 17. Kh1 f5 18. Nb5 Qf6 19. Nxa7+ Kb8 20. Nb5 Bxf4 21. Qf2 Qh6 22. g3 Be5 23. Qxf5 Bxg3 24. Re2 Rhe8 25. Rf1 g5 26. Qf6 Qh3 27. Qf5 Qh6 28. Qf6 Qh3 29. Rg2 Be5 30. Qxg5 Bxh2 31. Qg4 Qxg4 32. Rxg4 h5 33. Rg2 Be5 34. Re2 Bg3 35. Nc3 Be5 36. Nb5 Bg3 37. Rf7 e3 38. Nc3 Bf2 39. Nd1 Re4 40. Nxf2 Rh4+ 41. Kg2 Rg8+ 42. Kf1 exf2 43. b3 Rh1+ 44. Kxf2 Rh2+ 45. Kf3 Rh3+ 46. Kf4 Rh1 47. Ree7 Rf1+ 48. Ke5 Rxf7 49. Rxf7 Rh8 50. Kd6 h4 51. Kxc5 h3 52. Rf1 h2 53. Rh1 Kc7 54. a4 b6+ 55. Kb5 Rh4 56. d6+ Kxd6 57. Kxb6 Rh8 58. c5+ Kd5 59. c6 Rh6 60. Kb7 1-0

[Event "Chigorin Memorial blitz 22nd"]
[Site "St Petersburg"]
[Date "2014.10.17"]
[Round "11"]
[White "Burmakin, Vladimir"]
[Black "Demchenko, Aleksandr"]
[Result "1-0"]
[WhiteElo "2583"]
[BlackElo "2588"]
[PlyCount "97"]
[EventDate "2014.10.17"]
[EventType "swiss (blitz)"]
[EventRounds "13"]
[EventCountry "RUS"]
[SourceTitle "EXT 2015"]
[Source "ChessBase"]
[SourceDate "2014.11.20"]
[SourceVersion "1"]
[SourceVersionDate "2014.11.20"]
[SourceQuality "1"]

1. Nf3 Nf6 2. g3 g6 3. b3 Bg7 4. Bb2 0-0 5. Bg2 d6 6. d4 Nbd7 7. 0-0 e5 8. dxe5 Ng4 9. c4 dxe5 10. h3 Nh6 11. Qc2 f6 12. Nc3 Nf7 13. Rad1 c6 14. Ba3 Re8 15. Ne4 Qa5 16. Nd6 Nxd6 17. Bxd6 e4 18. Nd4 f5 19. c5 Nf6 20. Qc4+ Nd5 21. a4 Qc3 22. e3 Be6 23. Nxe6 Rxe6 24. Rc1 Qxc4 25. Rxc4 Bf8 26. Bxf8 Rxf8 27. Rd1 a5 28. Bf1 Kg7 29. Rcd4 Re7 30. Bc4 Nb4 31. Rd7 Rfe8 32. h4 Kf6 33. R1d6+ Kg7 34. Kf1 Kf8 35. Ke2 Rxd7 36. Rxd7 Re7 37. Rd8+ Kg7 38. Ra8 Re5 39. Rxa5 Kf6 40. Ra7 Rxc5 41. Rxb7 Nd5 42. Rxh7 Nb6 43. Bg8 Rc2+ 44. Kf1 Ra2 45. Rc7 Rc2 46. a5 Na8 47. Rc8 Ra2 48. Rxa8 Ke5 49. Bc4 1-0

[Event "Chigorin Memorial blitz 22nd"]
[Site "St Petersburg"]
[Date "2014.10.17"]
[Round "8"]
[White "Demchenko, Aleksandr"]
[Black "Sarana, Alexey"]
[Result "1-0"]
[WhiteElo "2588"]
[BlackElo "2411"]
[PlyCount "87"]
[EventDate "2014.10.17"]
[EventType "swiss (blitz)"]
[EventRounds "13"]
[EventCountry "RUS"]
[SourceTitle "EXT 2015"]
[Source "ChessBase"]
[SourceDate "2014.11.20"]
[SourceVersion "1"]
[SourceVersionDate "2014.11.20"]
[SourceQuality "1"]

1. e4 c5 2. Nf3 d6 3. d4 cxd4 4. Nxd4 Nf6 5. Nc3 a6 6. h3 e5 7. Nde2 h5 8. g3 Be6 9. Bg2 Be7 10. 0-0 b5 11. a4 b4 12. Nd5 Nxd5 13. exd5 Bf5 14. Be3 Nd7 15. Qd2 a5 16. c3 bxc3 17. Nxc3 0-0 18. Nb5 Nb6 19. Rfc1 Bd7 20. Rc6 Rb8 21. Qxa5 Bxc6 22. dxc6 Nc4 23. Qxd8 Bxd8 24. c7 Bxc7 25. Nxc7 Rxb2 26. a5 Rfb8 27. a6 Rb1+ 28. Rxb1 Rxb1+ 29. Kh2 Ra1 30. a7 Nxe3 31. a8Q+ Rxa8 32. Bxa8 Nf5 33. Be4 Ne7 34. Nd5 Nc8 35. Bf5 Na7 36. Bd7 g6 37. g4 hxg4 38. hxg4 g5 39. Kg2 Kg7 40. Kf3 Kg6 41. Ke4 f6 42. f3 Kg7 43. Kf5 Kh6 44. Kxf6 1-0

[Event "Moscow op-A"]
[Site "Moscow"]
[Date "2014.02.02"]
[Round "2"]
[White "Demchenko, Aleksandr"]
[Black "Yuffa, Daniil"]
[Result "0-1"]
[WhiteElo "2617"]
[BlackElo "2375"]
[PlyCount "102"]
[EventDate "2014.02.01"]
[EventType "swiss"]
[EventRounds "9"]
[EventCountry "RUS"]
[SourceTitle "CBM 158 Extra"]
[Source "ChessBase"]
[SourceDate "2014.02.28"]
[SourceVersion "1"]
[SourceVersionDate "2014.02.28"]
[SourceQuality "1"]

1. Nf3 Nf6 2. d4 g6 3. c4 Bg7 4. Nc3 0-0 5. e4 d6 6. h3 e5 7. d5 a5 8. Be3 Na6 9. g4 Nd7 10. a3 Nac5 11. Rg1 a4 12. Nd2 Bf6 13. g5 Be7 14. Qc2 f6 15. h4 fxg5 16. hxg5 Rf4 17. Bxf4 exf4 18. Nf3 Nb3 19. Rd1 Ndc5 20. Qe2 Bd7 21. Rh1 Bxg5 22. Bh3 Bf6 23. Be6+ Kg7 24. e5 dxe5 25. Nxe5 Bxe6 26. dxe6 Nd4 27. e7 Qxe7 28. Rxd4 Bxe5 29. Kf1 Re8 30. Rd1 Qf7 31. Qf3 h5 32. Kg2 c6 33. Rde1 Qf5 34. Qh3 Qxh3+ 35. Rxh3 Kf6 36. Ne4+ Nxe4 37. Rxe4 Kf5 38. Re2 Rd8 39. b3 Rd4 40. Rc2 g5 41. bxa4 h4 42. f3 Rd3 43. Re2 Rxa3 44. Rh1 Bd4 45. Re8 Ra2+ 46. Kh3 Rf2 47. Rf8+ Kg6 48. Rb1 Rxf3+ 49. Kh2 Rf2+ 50. Kh1 g4 51. Rg8+ Kf5 0-1